| 000 | 00587nam a2200193Ia 4500 | ||
|---|---|---|---|
| 008 | 240925s9999 xx 000 0 und d | ||
| 020 | _a9781119406778 | ||
| 082 | _a512.5 ANT | ||
| 100 | _aAnton, Howard | ||
| 245 | 0 | _aElementary Linear Algebra | |
| 250 | _a12th | ||
| 260 |
_aNew York: _bJohn Wiley & Sons _c,2019. |
||
| 300 |
_a544p. _b0 _fOriginal |
||
| 500 | _aIncludes Index | ||
| 600 | _aHumanities & Natural Science | ||
| 650 | _aMathematics | ||
| 856 |
_uhttps://drive.google.com/file/d/11U-nGYhwvVmP_Qr_AFQftgxRDDvTVlTE/view?usp=sharing _yClick here for PDF |
||
| 942 | _cBK | ||
| 999 |
_c18095 _d18095 |
||